Statistiques concernant Mario et Sonic aux Jeux olympiques : Quizz Personnages

Cliquez ici pour prendre le quiz!

Statistiques générales

  • Ce quiz a été pris 193 fois
  • Le résultat moyen est 56 sur 80

Statistiques - réponses

QuestionTuileSelect% Correct
Lesquels sont issus du monde de Sonic ? (4 réponses)Donkey KongNon
99%
Lesquels sont issus du monde de Sonic ? (4 réponses)WaluigiNon
99%
Lesquels sont issus du monde de Sonic ? (4 réponses)BowserNon
98%
Lesquels sont issus du monde de Sonic ? (4 réponses)TailsOui
98%
Lesquels sont issus du monde de Sonic ? (4 réponses)ToadNon
98%
Lesquels sont issus du monde de Sonic ? (4 réponses)BooNon
97%
Lesquels sont issus du monde de Sonic ? (4 réponses)HarmonieNon
97%
Lesquels sont issus du monde de Sonic ? (4 réponses)SkelerexNon
97%
Lesquels sont issus du monde de Sonic ? (4 réponses)SilverOui
96%
Lesquels sont issus du monde de Sonic ? (4 réponses)DaisyNon
95%
Lesquels sont issus du monde de Sonic ? (4 réponses)BirdoNon
93%
Lesquels sont issus du monde de Sonic ? (4 réponses)LudwigNon
93%
Lesquels sont considéré comme rapide/spécialiste de la vitesse dans les Jeux Olympiques de Vancouver 2010 ? (5 réponses)BowserNon
89%
Lesquels sont considéré comme rapide/spécialiste de la vitesse dans les Jeux Olympiques de Vancouver 2010 ? (5 réponses)Donkey KongNon
89%
Lesquels sont considéré comme rapide/spécialiste de la vitesse dans les Jeux Olympiques de Vancouver 2010 ? (5 réponses)WarioNon
89%
Lesquels sont issus du monde de Sonic ? (4 réponses)RoyNon
88%
Lesquels sont issus du monde de Sonic ? (4 réponses)OmegaOui
87%
Lesquels sont considéré comme rapide/spécialiste de la vitesse dans les Jeux Olympiques de Vancouver 2010 ? (5 réponses)EggmanNon
86%
Lesquels sont considéré comme rapide/spécialiste de la vitesse dans les Jeux Olympiques de Vancouver 2010 ? (5 réponses)SonicOui
86%
Lesquels sont considéré comme rapide/spécialiste de la vitesse dans les Jeux Olympiques de Vancouver 2010 ? (5 réponses)MarioNon
85%
Lesquels sont issus du monde de Sonic ? (4 réponses)RougeOui
85%
Lesquels sont considéré comme rapide/spécialiste de la vitesse dans les Jeux Olympiques de Vancouver 2010 ? (5 réponses)PeachNon
84%
Lesquels sont considéré comme rapide/spécialiste de la vitesse dans les Jeux Olympiques de Vancouver 2010 ? (5 réponses)KnucklesNon
82%
Lesquels sont considéré comme rapide/spécialiste de la vitesse dans les Jeux Olympiques de Vancouver 2010 ? (5 réponses)LuigiNon
82%
Lesquels sont considéré comme rapide/spécialiste de la vitesse dans les Jeux Olympiques de Vancouver 2010 ? (5 réponses)Metal SonicOui
82%
Lesquels sont issus du monde de Sonic ? (4 réponses)WendyNon
81%
Lesquels sont considéré comme rapide/spécialiste de la vitesse dans les Jeux Olympiques de Vancouver 2010 ? (5 réponses)AmyNon
80%
Lesquels sont considéré comme rapide/spécialiste de la vitesse dans les Jeux Olympiques de Vancouver 2010 ? (5 réponses)ShadowOui
80%
Lesquels sont considérés comme habile/spécialiste de l'habilité dans les Jeux Olympiques de Rio 2016 ? (5 réponses)ShadowNon
79%
Lesquels sont apparus en tant que boss avant d'être personnage jouable ? (5 réponses)BlazeNon
78%
Lesquels sont considéré comme rapide/spécialiste de la vitesse dans les Jeux Olympiques de Vancouver 2010 ? (5 réponses)Bowser JrNon
78%
Lesquels sont considérés comme habile/spécialiste de l'habilité dans les Jeux Olympiques de Rio 2016 ? (5 réponses)VectorNon
78%
Lesquels sont apparus en tant que boss avant d'être personnage jouable ? (5 réponses)WaluigiNon
77%
Lesquels sont considérés comme habile/spécialiste de l'habilité dans les Jeux Olympiques de Rio 2016 ? (5 réponses)ZavokNon
77%
Lesquels sont apparus en tant que boss avant d'être personnage jouable ? (5 réponses)SilverNon
74%
Lesquels sont apparus en tant que boss avant d'être personnage jouable ? (5 réponses)WarioNon
73%
Lesquels sont apparus en tant que boss avant d'être personnage jouable ? (5 réponses)ShadowNon
72%
Lesquels sont apparus en tant que boss avant d'être personnage jouable ? (5 réponses)VectorNon
72%
Lesquels sont considérés comme habile/spécialiste de l'habilité dans les Jeux Olympiques de Rio 2016 ? (5 réponses)CreamNon
71%
Lesquels sont considéré comme rapide/spécialiste de la vitesse dans les Jeux Olympiques de Vancouver 2010 ? (5 réponses)TailsNon
71%
Lesquels sont apparus en tant que personnages jouables, au cours des Jeux Olympiques de Vancouver 2010 ? (4 réponses)CreamNon
70%
Lesquels sont apparus en tant que boss avant d'être personnage jouable ? (5 réponses)Donkey KongNon
70%
Lesquels sont considérés comme habile/spécialiste de l'habilité dans les Jeux Olympiques de Rio 2016 ? (5 réponses)WendyNon
70%
Lesquels sont considérés comme habile/spécialiste de l'habilité dans les Jeux Olympiques de Rio 2016 ? (5 réponses)YoshiNon
70%
Lesquels sont apparus en tant que personnages jouables, au cours des Jeux Olympiques de Vancouver 2010 ? (4 réponses)YoshiNon
70%
Lesquels sont apparus en tant que personnages jouables, au cours des Jeux Olympiques de Vancouver 2010 ? (4 réponses)RougeNon
68%
Lesquels sont apparus en tant que personnages jouables, au cours des Jeux Olympiques de Vancouver 2010 ? (4 réponses)WaluigiNon
67%
Lesquels sont apparus en tant que personnages jouables, au cours des Jeux Olympiques de Vancouver 2010 ? (4 réponses)DaisyNon
66%
Lesquels sont apparus en tant que personnages jouables, au cours des Jeux Olympiques de Vancouver 2010 ? (4 réponses)Eggman NegaNon
66%
Lesquels sont apparus en tant que personnages jouables, au cours des Jeux Olympiques de Vancouver 2010 ? (4 réponses)JetNon
66%
Lesquels sont considérés comme habile/spécialiste de l'habilité dans les Jeux Olympiques de Rio 2016 ? (5 réponses)LuigiNon
66%
Lesquels sont apparus en tant que personnages jouables, au cours des Jeux Olympiques de Vancouver 2010 ? (4 réponses)SkelerexNon
66%
Lesquels sont considérés comme habile/spécialiste de l'habilité dans les Jeux Olympiques de Rio 2016 ? (5 réponses)DaisyNon
65%
Lesquels sont apparus en tant que personnages jouables, au cours des Jeux Olympiques de Vancouver 2010 ? (4 réponses)ShadowNon
64%
Lesquels sont apparus en tant que personnages jouables, au cours des Jeux Olympiques de Vancouver 2010 ? (4 réponses)WarioNon
64%
Lesquels sont apparus en tant que personnages jouables, au cours des Jeux Olympiques de Vancouver 2010 ? (4 réponses)Diddy KongNon
63%
Lesquels sont considérés comme habile/spécialiste de l'habilité dans les Jeux Olympiques de Rio 2016 ? (5 réponses)AmyNon
61%
Lesquels sont apparus en tant que boss avant d'être personnage jouable ? (5 réponses)Bowser SkeletOui
61%
Lesquels sont apparus en tant que boss avant d'être personnage jouable ? (5 réponses)EspioNon
59%
Lesquels sont apparus en tant que boss avant d'être personnage jouable ? (5 réponses)Bowser JrNon
57%
Lesquels sont apparus en tant que boss avant d'être personnage jouable ? (5 réponses)OmegaOui
57%
Lesquels sont apparus en tant que personnages jouables, au cours des Jeux Olympiques de Vancouver 2010 ? (4 réponses)VectorNon
57%
Lesquels sont considérés comme habile/spécialiste de l'habilité dans les Jeux Olympiques de Rio 2016 ? (5 réponses)HarmonieNon
54%
Lesquels sont considérés comme habile/spécialiste de l'habilité dans les Jeux Olympiques de Rio 2016 ? (5 réponses)BlazeNon
53%
Lesquels sont considérés comme habile/spécialiste de l'habilité dans les Jeux Olympiques de Rio 2016 ? (5 réponses)TailsOui
51%
Lesquels sont considérés comme habile/spécialiste de l'habilité dans les Jeux Olympiques de Rio 2016 ? (5 réponses)WaluigiOui
50%
Lesquels sont apparus en tant que boss avant d'être personnage jouable ? (5 réponses)Dr EggmanNon
49%
Lesquels sont apparus en tant que boss avant d'être personnage jouable ? (5 réponses)JetOui
48%
Lesquels sont considérés comme habile/spécialiste de l'habilité dans les Jeux Olympiques de Rio 2016 ? (5 réponses)PeachOui
48%
Lesquels sont apparus en tant que personnages jouables, au cours des Jeux Olympiques de Vancouver 2010 ? (4 réponses)Metal SonicOui
47%
Lesquels sont apparus en tant que personnages jouables, au cours des Jeux Olympiques de Vancouver 2010 ? (4 réponses)SilverOui
45%
Lesquels sont considéré comme rapide/spécialiste de la vitesse dans les Jeux Olympiques de Vancouver 2010 ? (5 réponses)SilverOui
45%
Lesquels sont considéré comme rapide/spécialiste de la vitesse dans les Jeux Olympiques de Vancouver 2010 ? (5 réponses)DaisyOui
41%
Lesquels sont apparus en tant que boss avant d'être personnage jouable ? (5 réponses)Metal SonicNon
41%
Lesquels sont considérés comme habile/spécialiste de l'habilité dans les Jeux Olympiques de Rio 2016 ? (5 réponses)EspioOui
40%
Lesquels sont apparus en tant que boss avant d'être personnage jouable ? (5 réponses)RougeOui
39%
Lesquels sont considérés comme habile/spécialiste de l'habilité dans les Jeux Olympiques de Rio 2016 ? (5 réponses)Dr EggmanOui
38%
Lesquels sont apparus en tant que personnages jouables, au cours des Jeux Olympiques de Vancouver 2010 ? (4 réponses)Bowser JrOui
37%
Lesquels sont apparus en tant que personnages jouables, au cours des Jeux Olympiques de Vancouver 2010 ? (4 réponses)Donkey KongOui
32%
Lesquels sont apparus en tant que boss avant d'être personnage jouable ? (5 réponses)BirdoOui
24%

Distribution des résultats

Percentile par nombre de réponses

% des personnes avec chaque résultat

Votre développement - résultats

Vous n’avez pas pris ce quiz